Statistics for Name That Comedy Actor By Their Movies

Click here to take the quiz!

General Stats

  • This quiz has been taken 710 times
  • The average score is 19 of 26

Answer Stats

MoviesActor% Correct
Dumb & Dumber, The Mask, Ace Ventura: Pet DetectiveJim Carrey
94%
Hitch, Hancock, Men in BlackWill Smith
91%
Billy Madison, Happy Gilmore, Big DaddyAdam Sandler
90%
Zoolander, Meet The Fockers, Tropic ThunderBen Stiller
88%
School of Rock, Kung Fu Panda, Shallow HalJack Black
88%
Anchorman, Step Brothers, Talladega NightsWill Ferrell
88%
Mrs. Doubtfire, Aladdin, JumanjiRobin Williams
87%
Deadpool, The Proposal, Just FriendsRyan Reynolds
86%
Coming to America, Norbit, The Nutty ProfessorEddie Murphy
80%
The 40 Year Old Virgin, Anchorman, Despicable MeSteve Carell
80%
Austin Powers, Wayne's World, The Cat in the HatMike Myers
77%
Shanghai Noon, Zoolander, Wedding CrashersOwen Wilson
77%
Ted, The Other Guys, Daddy's HomeMark Wahlberg
76%
Ghostbusters, Groundhog Day, CaddyshackBill Murray
75%
This is 40, I Love You, Man, Ant-ManPaul Rudd
71%
Grown Ups, Down to Earth, MadagascarChris Rock
67%
Ride Along, Ride Along 2, Get HardKevin Hart
67%
Wedding Crashers, Dodgeball: A True Underdog Story, The InternshipVince Vaughn
64%
No Strings Attached, Dude Where's My Car?, Just MarriedAshton Kutcher
61%
The Hangover, Hangover Part II, Hangover Part IIIBradley Cooper
61%
The Pink Panther, Cheaper by the Dozen, BowfingerSteve Martin
60%
Toy Story, The Shaggy Dog, Santa ClausTim Allen
60%
The Hangover, Due Date, The CampaignZach Galifianakis
60%
Grown Ups, Joe Dirt, Tommy BoyDavid Spade
56%
Horrible Bosses, Identity Thief, The Change UpJason Bateman
51%
Ted, A Million Ways to Die in the West, Ted 2Seth McFarlane
46%

Score Distribution

Percentile by Number Answered

Percent of People with Each Score

Your Score History

You have not taken this quiz